ბათუმის შოთა რუსთაველის სახელმწიფო უნივერსიტეტის ბიბლიოთეკა

XVII საუკუნის ინგლისის ბურჟუაზიული რევოლუცია. წ. 1, 1603-1642 / (ბიბ.ჩანაწერი № 56207)

000 -ლიდერი
ფიქსირებული სიგრძის საკონტროლო ველი 01229nam a2200241Ia 4500
001 - საკონტროლო ნომერი
საკონტროლო ველი 23308
003 - საკონტროლო ნომრის იდენტიფიკატორი
საკონტროლო ველი GE_BSU
005 - ბოლო ოპერაციის თარიღი და დრო
საკონტროლო ველი 20251208153323.0
008 - ფიქსირებული სიგრძის მონაცემთა ელემენტები - ზოგადი ინფორმაცია
ფიქსირებული სიგრძის საკონტროლო ველი 181216s1979||||ge |||||||||||||| ||geo||
040 ## - კატალოგიზაციის წყარო
Transcribing agency GE_BSU
041 ## - ენის კოდი
Language code of text/sound track or separate title geo
080 ## - უნივერსალური ათობითი კლასიფიკაციის ინდექსი
Universal Decimal Classification number 94(410)"16 კ-57
100 ## - მთავარი ჩანაწერი - პიროვნების სახელი
Personal name კიღურაძე, გივი
9 (RLIN) 26203
245 ## - ცნობა სათაურის შესახებ
Title XVII საუკუნის ინგლისის ბურჟუაზიული რევოლუცია. წ. 1, 1603-1642 /
Statement of responsibility, etc გივი კიღურაძე ; რედ. ი. ზაალიშვილი ; ქ. თავართქილაძე ; მხატვ. ზ. აფანასევი.
264 ## - წარმოების, გამოცემის, დისტრიბუციის და სხვა ცნობები
გამოცემის, წარმოების, დისტრიბუციის... ადგილი თბილისი :
გამოცემის, წარმოების, დისტრიბუციის... სახელწოდება საბჭ. საქართველო,
გამოცემის, წარმოების, დისტრიბუციის... თარიღი 1979.
300 ## - ფიზიკური აღწერა
Extent 504 გვ. ;
Dimensions 22 სმ.
653 ## - INDEX TERM--UNCONTROLLED
Uncontrolled term XVII საუკუნის ინგლისის ბურჟუაზიული რევოლუცია
700 ## - ADDED ENTRY--PERSONAL NAME
Personal name ზაალიშვილი, ი.
Relator term რედაქტორი
9 (RLIN) 26382
700 ## - ADDED ENTRY--PERSONAL NAME
Personal name თავართქილაძე, რ.
Relator term რედაქტორი
9 (RLIN) 26383
700 ## - ADDED ENTRY--PERSONAL NAME
Personal name მხატვ. ზ. აფანასევი
9 (RLIN) 26384
942 ## - ADDED ENTRY ELEMENTS (KOHA)
Koha item type წიგნი
Source of classification or shelving scheme
ეგზემპლარები
ჩამოწერის სტატუსი დაკარგული ეგზემპლარის სტატუსი კლასიფიკაციის წყარო ან თაროზე გაწყობის სქემა დაზიანების სტატუსი არ გაიცემა მუდმივი მდებარეობა (დაცვის ადგილი) ამჟამინდელი ადგილსამყოფელი თაროზე განთავსების ადგილი შეძენის თარიღი ღირებულება, შესყიდვის ნორმალური ფასი სრული შენახვის შიფრი შტრიხკოდი ბოლო ოპერაციის თარიღი ეგზემპლარის მიმდევრობითი ნომერი (კეტერი?) ფასის ძალაში შესვლის თარიღი ეგზემპლარის სახეობა საჯარო შენიშვნა
          ბათუმის შოთა რუსთაველის სახელმწიფო უნივერსიტეტის მთავარი ბიბლიოთეკა ბათუმის შოთა რუსთაველის სახელმწიფო უნივერსიტეტის მთავარი ბიბლიოთეკა წიგნსაცავი 2018-12-17 15.00 94(410) 28293 2018-12-17 28293 2018-12-17 წიგნი 15.00 ₾.